Engineering Mechanics (Record no. 316909)

MARC details
000 -LEADER
fixed length control field 00441nam a2200169Ia 4500
008 - FIXED-LENGTH DATA ELEMENTS--GENERAL INFORMATION
fixed length control field 230718s9999 xx 000 0 und d
041 ## - LANGUAGE CODE
Language code of text/sound track or separate title eng
082 ## - DEWEY DECIMAL CLASSIFICATION NUMBER
Classification number 620.1
Item number UNA
100 ## - MAIN ENTRY--PERSONAL NAME
Personal name Unadkat S.
245 ## - TITLE STATEMENT
Title Engineering Mechanics
Remainder of title Statics And Dynamics
250 ## - EDITION STATEMENT
Edition statement 3rd ed.
260 ## - PUBLICATION, DISTRIBUTION, ETC. (IMPRINT)
Name of publisher, distributor, etc. Tech Max Publication
300 ## - PHYSICAL DESCRIPTION
Accompanying material [OBSOLETE, CAN/MARC] Ref 313 G (28085)
365 ## - TRADE PRICE
Currency code Rs.
Price amount 595.00
700 ## - ADDED ENTRY--PERSONAL NAME
Personal name Unadkat S.
906 ## - LOCAL DATA ELEMENT F, LDF (RLIN)
d B:33910-May-2007
c MECH
b 89.25
Holdings
Withdrawn status Lost status Damaged status Not for loan Home library Current library Date acquired Vendor Budget Code Cost, normal purchase price Bill number Full call number Barcode Date last seen Discount Cost, replacement price Bill Date Koha item type Original Barcode
Withdrawn       Cummins College of Engineering for Women Pune Cummins College of Engineering for Women Pune 10/05/2007 Tbs MECH 505.75 339 620.1 CCEP-BK-28116 18/07/2023 89.25 595.00 10/05/2007 Books 028116